000 01204cam a22003257a 4500
003 CHAP
005 20220329133345.0
008 971013s1992 r 00010 d
010 _a5380
011 _a6352
035 _a5572
040 _cCHAP
082 _a312.0972
_bM49c 1990 P.S.
110 _aInstituto Nacional de Estadística, Geografía e Informática. México
_959304
245 0 _aCenso general de población y vivienda (11o.) 1990: perfil sociodemográfico
260 _aAguascalientes, Ags. :
_bEl Instituto,
_c1992
300 _a100 p
590 _aBATCH-UPD
_b10
_c20130110
_lUCH01
_h1605
590 _aBATCH-UPD
_b10
_c20130410
_lUCH01
_h1001
590 _aBATCH-UPD
_b10
_c20130914
_lUCH01
_h1822
590 _aCONVERSION
_b10
_c20130109
_lUCH01
_h1304
650 1 4 _aMéxico
_xCensos (1990)
_976661
650 1 4 _aPoblación
_xEstadísticas
_zMéxico.
_989385
650 1 4 _aVivienda
_zMéxico.
_9120153
901 _aBK
942 _cLIBRO
949 _a312.0972 M49c 1990 P.S.
_bBC
_cC
_d33724000120762
_eC
_fc.2
_h82117
_i5572
_si
949 _a312.0972 M49c 1990 P.S.
_bBC
_cC
_d33724000505103
_eC
_h82116
_i5572
_si
949 _a312.0972 M49c 1990 P.S.
_bBC
_cC
_d33724000535332
_eC
_fc.3
_h82118
_i5572
_si
999 _c5380
_d5380